000 00957nam a2200337 a 4500
001 21742
003 VRT
005 20260309112337.0
008 950616s1993 xo a 000 1 slo c
020 _a8071500585
_c69.00
035 _aUKB000018310
040 _aBAA001
_bslo
_cBAA001
_eAACR2
041 1 _aslo
044 _axo
_cSK
080 _a535-1/-3(02.053.2)
100 1 _aArdley, Neil
245 0 0 _aMoja kniha pokusov - Farba
_bFotogr.Pete Gardner.Z angl.orig.prel.Peter Gomolčák.
260 _aBratislava
_bChampagne Avantgarde
_c1993
300 _a29 s.
490 1 _aMoja kniha pokusov
_vzv.3
500 _aFrontsp
653 _a535-1/-3(02.053.2)
700 1 _aGardner, Pete
700 1 _aGomolčák, Peter
760 1 _tMoja kniha pokusov
_gzv.3
830 0 _aMoja kniha pokusov
_vzv.3
910 _aukb
942 _2ddc
_cOLDE
_n0
949 _61800087803
_a30.D.51153
_bPV.2139-93
949 _61800181842
_aSL.D.16895
_bPV.2140-93
999 _c21742
_d21742